ការដាំត្រកួន / (Record no. 1468)

MARC details
000 -LEADER
fixed length control field 01339nam a22002777a 4500
005 - DATE AND TIME OF LATEST TRANSACTION
control field 20260327105009.0
020 ## - INTERNATIONAL STANDARD BOOK NUMBER
International Standard Book Number 9789995054106
040 ## - CATALOGING SOURCE
Original cataloging agency FISKH
Language of cataloging eng
Transcribing agency FISKH
Modifying agency FISKH
082 ## - DEWEY DECIMAL CLASSIFICATION NUMBER
Classification number 635.9
100 ## - MAIN ENTRY--PERSONAL NAME
Personal name Dary, Heng
245 ## - TITLE STATEMENT
Title ការដាំត្រកួន /
250 ## - EDITION STATEMENT
Edition statement បោះពុម្ពលើកទី ៧​ មិថុនា ឆ្នាំ​២០២១
260 ## - PUBLICATION, DISTRIBUTION, ETC.
Place of publication, distribution, etc. Phnom Penh :
Name of publisher, distributor, etc. Sipar,
Date of publication, distribution, etc. 2021.
300 ## - PHYSICAL DESCRIPTION
Extent 44 pages :
Other physical details color illustrations ;
Dimensions 28 cm
490 ## - SERIES STATEMENT
Series statement បំណិនជីវិត
505 ## - FORMATTED CONTENTS NOTE
Formatted contents note Z'
520 ## - SUMMARY, ETC.
Summary, etc. បង្ហាញអំពីការរៀបចំរងរហូតដល់ការទុកគ្រាប់ពូជ និងមានវិធីធ្វើម្ហូប សាមញ្ញៗពីបន្លែត្រកួន សម្រាប់បរិភោគក្នុងគ្រួសារ។
520 ## - SUMMARY, ETC.
Summary, etc. Introduce the preparation to the storage of seeds and simple recipes from water convolvulus for family consumption.​​​
521 ## - TARGET AUDIENCE NOTE
Target audience note 1120<br/><br/>
Source Lexile estimate<br/>
521 ## - TARGET AUDIENCE NOTE
Target audience note Z'<br/>
Source Raz-Plus<br/>
650 ## - SUBJECT ADDED ENTRY--TOPICAL TERM
Topical term or geographic name entry element Water convolvulus
Form subdivision Seed
General subdivision Food
650 ## - SUBJECT ADDED ENTRY--TOPICAL TERM
Topical term or geographic name entry element ត្រកួន
Form subdivision គ្រាប់ពូជ
General subdivision ម្ហូប
700 ## - ADDED ENTRY--PERSONAL NAME
Personal name Sophaleap, Nhoek
Titles and other words associated with a name illustrator
942 ## - ADDED ENTRY ELEMENTS (KOHA)
Source of classification or shelving scheme Dewey Decimal Classification
Koha item type Books
Suppress in OPAC No
999 ## -
-- 1468
-- 1468
Holdings
Withdrawn status Lost status Source of classification or shelving scheme Damaged status Not for loan Collection Home library Current library Shelving location Date acquired Total Checkouts Full call number Barcode Date last seen Copy number Price effective from Koha item type
    Dewey Decimal Classification     Khmer Non-Fiction / សៀវភៅខ្មែរ រឿងពិត Footprints International School Library Network Toul Kork Campus Footprints International School Library Network Toul Kork Campus   08/25/2023   DAR 635.9 2023-0371 08/25/2023 1 08/25/2023 Books
    Dewey Decimal Classification     Khmer Non-Fiction / សៀវភៅខ្មែរ រឿងពិត Footprints International School Library Network Toul Tom Poung Campus Footprints International School Library Network Toul Tom Poung Campus TTP Secondary Khmer Bookshelves 08/25/2023   DAR 635.9 2023-0372 08/25/2023 2 08/25/2023 Books